000 00470nam a2200181Ia 4500
008 100920s9999 xx 000 0 und d
082 _b51926
_a28 व 7 0
100 _a---
245 _aFOLK TALES OF INDIA.
260 _b---
_c0
300 _a86
_bसाधी
365 _b0
520 _aबा.वि.स्टोरी.
630 _aFOLK TALES OF INDIA.
650 _aबा.वि.स्टोरी.
730 _aFOLK TALES OF INDIA.
942 _cBOOK
999 _c697537
_d697534